000 00913cab a22002175a 4500
001 L154294
008 111109e20111105xxk 000 0 eng d
035 _a(Sirsi) u154294
041 0 _aeng
100 1 _aHorne, Rob
245 0 0 _aTinker, taylor, lawyer, Act
260 _c2011
490 _aEstates Gazette
_v(1144) 5 November 2011, 101(1)
520 _aDiscusses how amendments to the Housing Grants Construction and Regeneration Act 1996 introduced by the Local Democracy Economic Development and Construction Act 2009, which came into force on 1 October 2011, will affect existing and new projects.
590 _aKA
650 2 4 _aHOUSING GRANTS, CONSTRUCTION AND REGENERATION ACT 1996
650 2 4 _aLOCAL DEMOCRACY, ECONOMIC DEVELOPMENT AND CONSTRUCTION ACT 2009
651 4 _aUnited Kingdom
_y
690 _aBUILT ENVIRONMENT-CONSTRUCTION MANAGEMENT-BUILDING CONTRACT ADMINISTRATION
942 _n0
999 _c83560
_d83560